World City by Skyscraper - Picture Quiz #1: Entry Level - Statistics

General Stats
  • This quiz has been taken 31 times
  • The average score is 14 of 25
Answer Stats
Picture Hint Answer % Correct
Dubai, U.A.E.: Burj Khalifa (Burj Dubai)
100%
New York City, U.S.A.: Empire State Building
94%
Kuala Lumpur, Malaysia: Petronas Towers
89%
Las Vegas, U.S.A.: New York New York
89%
Singapore: Marina Bay Sands
89%
Taipei, Taiwan: Taipei 101
83%
Hong Kong, China: Bank Of China
78%
London, U.K.: 30 St. Mary Axe (The Gherkin)
78%
Mecca, Saudi Arabia: Royal Clock Tower
78%
New York City, U.S.A.: Chrysler Building
78%
Chicago, U.S.A.: Willis (Sears) Tower
72%
Moscow, Russia: Moscow University
56%
Pyongyang, North Korea: Ryugyong Hotel
56%
San Francisco, U.S.A.: Transamerica
56%
Frankfurt, Germany: Commerzbank
44%
Riyadh, Saudi Arabia: Kingdom Centre
44%
Beijing, China: CCTV
39%
Madrid, Spain: Gate Of Europe
39%
Shanghai, China: World Financial Center
39%
St. Petersburg, Russia: Lakhta Center
39%
The world's 1st spiral skyscraper Malmö, Sweden: Turning Torso
33%
Panama City: F&F Tower
28%
Tokyo, Japan: Metropolitan Government Building
22%
Mexico City: Torre Latinoamericana
11%
São Paulo, Brazil: Copan
11%
No matching quizzes found
Score Distribution
Percent of People with Each Score
Percentile by Number Answered
Your Score History
You have not taken this quiz